walibi attration zone - Statistiques

Statistiques générales
  • Ce quiz a été pris 10 fois
  • Le résultat moyen est 15 sur 41
Statistiques - réponses
Hint Réponse % Correct
zone du loup-garou vampire
100%
exotic world kondaa
86%
zone du loup-garou loup-garou
86%
dock world mecalodon
86%
exotic world tiki-waka
86%
karma wrold cobra
71%
adventure world dalton terror
71%
dock world turbine
71%
adventure world calamity mine
57%
dock world flash back
57%
fun world fun pilot
57%
exotic world kondaala
57%
exotic world octopus
57%
karma wrold popcorn revenge
57%
karma wrold radja river
57%
zone du loup-garou cinema 4d
43%
adventure world silverton
43%
dock world tous en boite
43%
zone du loup-garou melody road
29%
dock world stormy
29%
adventure world tchou-tchou express
29%
exotic world tiki-trail
29%
zone du loup-garou wave swinger
29%
fun world 4X4 adventure
14%
fun world bubble swirl
14%
adventure world buzzsaw
14%
fun world fun recorder
14%
fun world graffiti shuttle
14%
adventure world guitar riff
14%
adventure world kids airlines
14%
karma wrold la tapis volant
14%
karma wrold le palais du genie
14%
fun world mini tour
14%
adventure world spinning taxi
14%
exotic world challenge of tuthankamon
0%
zone du loup-garou le grand carousel
0%
adventure world little swing
0%
adventure world poneys
0%
dock world pular
0%
adventure world spinining vibes
0%
fun world tree house
0%
Aucun quiz correspondant
Distribution des résultats
% des personnes avec chaque résultat
Percentile par nombre de réponses
Votre historique - résultats
Vous n’avez pas pris ce quiz